000 00254nam a22001097a 4500
082 _a621.902 ROD'D
100 _aRODIN, P
_979399
245 _aDESIGN AND PRODUCTION OF METAL CUTTING TOOLS
260 _aMOSCOW
_bMIR
_c1968
300 _a301P
942 _cBK
999 _c584442
_d584442